|
|
|
|
| LEADER |
00848cam a2200229 7i4500 |
| 001 |
0000025069 |
| 005 |
20110207090000.0 |
| 020 |
# |
0 |
|a 0852382863
|
| 090 |
0 |
0 |
|a QL 624
|b .C6 2002
|
| 245 |
0 |
0 |
|a Conservation of freshwater fishes :
|b options for the future
|c edited by M.J. Collares-Pereira, I.G.Cowx and M.M. Coelho.
|
| 260 |
# |
# |
|a London:
|b Fishing News Books,
|c 2002.
|
| 300 |
# |
# |
|a x, 462 p.:
|b ill., maps;
|c 25 cm..
|
| 650 |
0 |
0 |
|a Fishery conservation
|
| 650 |
0 |
0 |
|a Freshwater fishes
|
| 650 |
0 |
0 |
|a Fish habitat improvement
|
| 700 |
1 |
1 |
|a Collares-Pereira, M. J.
|
| 700 |
1 |
1 |
|a Coelho, M. M.
|
| 700 |
1 |
1 |
|a Cowx, I. G.
|
| 999 |
|
|
|a 1100019100
|b Book
|c Open Shelf
|e KOLEKSI TERBUKA
|
| 999 |
|
|
|a 1100013348
|b Book
|c Open Shelf
|e KOLEKSI TERBUKA
|
| 999 |
|
|
|a 1100011743
|b Book
|c Open Shelf
|e KOLEKSI TERBUKA
|
| 999 |
|
|
|a 1100008319
|b Book
|c Open Shelf
|e KOLEKSI TERBUKA
|